10 Worst Video Game Consoles Ever - Statistics

General Stats
  • This quiz has been taken 22 times
  • The average score is 2 of 10
Answer Stats
Hint Answer % Correct
#10 Virtual Boy
78%
#7 Atari Jaguar
44%
#6 N-Gage
28%
#5 Phillips CD-I
11%
#9 Sega 32x
11%
#3 R-Zone
6%
#8 3DO Interactive Multiplayer
0%
#1 Action Max
0%
#4 NUON
0%
#2 Studio II
0%
No matching quizzes found
Score Distribution
Percent of People with Each Score
Percentile by Number Answered
Your Score History
You have not taken this quiz